Analisi delle sensazioni / (Record no. 95986)

MARC details
000 -LEADER
campo de control de longitud fija 00586nam a2200181 i 4500
001 - NÚMERO DE CONTROL
campo de control 95986
003 - IDENTIFICADOR DE NÚMERO DE CONTROL
campo de control ES-MaACL
005 - FECHA Y HORA DE LA ÚLTIMA TRANSACCIÓN
campo de control 20230906181820.0
007 - CAMPO FIJO DE DESCRIPCIÓN FÍSICA--INFORMACIÓN GENERAL
campo de control de longitud fija t|
008 - DATOS DE LONGITUD FIJA--INFORMACIÓN GENERAL
campo de control de longitud fija 050608s1903 it ||||1| ita d
100 1# - ENTRADA PRINCIPAL--NOMBRE DE PERSONA
Nombre de persona Mach, Ernst.
9 (RLIN) 75150
245 10 - MENCIÓN DEL TÍTULO
Título Analisi delle sensazioni /
Mención de responsabilidad, etc. Ernst Mach; traduzione sulla terza adizione tedesca di Antonino Vaiccaro e Camillo Cessi.
260 ## - PUBLICACIÓN, DISTRIBUCIÓN, ETC.
Lugar de publicación, distribución, etc. Torino :
Nombre del editor, distribuidor, etc. [s.n.],
Fecha de publicación, distribución, etc. 1903 (
Fabricante Imp.G. Sacerdote)
300 ## - DESCRIPCIÓN FÍSICA
Extensión X, 438 p. :
Otras características físicas il. ;
Dimensiones 20 cm.
700 1# - ENTRADA AGREGADA--NOMBRE PERSONAL
Nombre de persona Vaiccaro, Antonino.
9 (RLIN) 112403
700 1# - ENTRADA AGREGADA--NOMBRE PERSONAL
Nombre de persona Cessi, Camillo.
9 (RLIN) 37692
852 ## - LOCALIZACIÓN
Ubicación ES-MaACL
Número de control de estantería C-3395
Holdings
Estatus retirado Estado de pérdida Estado de daño No para préstamo Biblioteca de origen Biblioteca actual Ubicación en estantería Fecha de adquisición Fuente de adquisición Total de préstamos Signatura topográfica completa Código de barras Visto por última vez Precio de reemplazo Tipo de ítem Koha
        Biblioteca del Ateneo de Madrid Biblioteca del Ateneo de Madrid Sala Palomar 17/01/2008     C-3395 1100221 23/02/2023 23/02/2023 Libro impreso